=LDR 00000nam 2200000 4500 =001 INLIS000000000014666 =005 20130612105938 =008 ***********************************Ind** =035 ##$$0010-061300000014666 =041 ##$$a Ind =082 ##$$a 652 =090 ##$$a 652, Nur m =100 ##$$a Nursisto =245 ##$$a Membina majalah dinding, Nursisto =260 ##$$a 1999 $b Yogyakarta =300 ##$$a viii, 114 hlm, Ilus, 20 cm =650 ##$$a Media komunikasi =850 ##$$a NBPNMAT